Cognition : (Record no. 5925)

000 -LEADER
fixed length control field 00892pam a2200265 a 4500
001 - CONTROL NUMBER
control field 673580
003 - CONTROL NUMBER IDENTIFIER
control field OSt
005 - DATE AND TIME OF LATEST TRANSACTION
control field 20220915094530.0
008 - FIXED-LENGTH DATA ELEMENTS--GENERAL INFORMATION
fixed length control field 951107s1997 nyua b 001 0 eng
010 ## - LIBRARY OF CONGRESS CONTROL NUMBER
LC control number 95047058
020 ## - INTERNATIONAL STANDARD BOOK NUMBER
International Standard Book Number 0393969258
040 ## - CATALOGING SOURCE
Original cataloging agency DLC
Transcribing agency ALUPE UNIVERSITY
Modifying agency DLC
050 00 - LIBRARY OF CONGRESS CALL NUMBER
Classification number BF201
Item number .R45 1997
082 00 - DEWEY DECIMAL CLASSIFICATION NUMBER
Classification number 153
Edition number 20
100 1# - MAIN ENTRY--PERSONAL NAME
Personal name Reisberg, Daniel.
245 10 - TITLE STATEMENT
Title Cognition :
Remainder of title exploring the science of the mind /
Statement of responsibility, etc. Daniel Reisberg.
250 ## - EDITION STATEMENT
Edition statement 1st ed.
260 ## - PUBLICATION, DISTRIBUTION, ETC.
Place of publication, distribution, etc. New York :
Name of publisher, distributor, etc. W.W. Norton,
Date of publication, distribution, etc. c1997.
300 ## - PHYSICAL DESCRIPTION
Extent xvi, 702 p. :
Other physical details ill. ;
Dimensions 25 cm.
504 ## - BIBLIOGRAPHY, ETC. NOTE
Bibliography, etc. note Includes bibliographical references (p. 623-682) and indexes.
650 #0 - SUBJECT ADDED ENTRY--TOPICAL TERM
Topical term or geographic name entry element Cognitive psychology.
906 ## - LOCAL DATA ELEMENT F, LDF (RLIN)
a 7
b cbc
c orignew
d 1
e ocip
f 19
g y-gencatlg
942 ## - ADDED ENTRY ELEMENTS (KOHA)
Source of classification or shelving scheme
Koha item type Book
Suppress in OPAC MA
Holdings
Withdrawn status Lost status Source of classification or shelving scheme Damaged status Not for loan Permanent Location Current Location Shelving location Date acquired Source of acquisition Total Checkouts Full call number Barcode Date last seen Price effective from Koha item type Public note
          AU LIBRARY AU LIBRARY Open Shelf 15.09.2022 DONATION FROM MOI UNIVERSITY   BF201 .R45 1997 28008119 15.09.2022 15.09.2022 Book MA

Powered by Koha